| 000 | 01008 a2200229 4500 | ||
|---|---|---|---|
| 003 | Nust | ||
| 005 | 20170207154029.0 | ||
| 010 | _a 97030666 | ||
| 020 | _a0079132707 | ||
| 040 | _cNust | ||
| 082 | 0 | 0 | _a005.73 |
| 100 | 1 | _aJenkins, Michael S. | |
| 245 | 1 | 0 |
_aAbstract data types in Java /(E-BOOK) _cMichael S. Jenkins. |
| 260 |
_aNew York : _bMcGraw-Hill, _cc1998. |
||
| 300 |
_axvi, 291 p. ; _c25 cm. + _e1 computer laser optical disc (4 3/4 in.) |
||
| 440 | 0 | _aMcGraw-Hill Java masters | |
| 500 | _aIncludes index. | ||
| 505 | _aBasic Concepts (Page-1) Error Handling And Exceptions (Page-15) Arrays, Vectors, And Sorting (Page-31) Hash Tables (Page-57) Linked Lists (Page-77) Circular And Doubly-Linked Lists (Page-105) Stacks (Page-125) Queues (Page-139) Simple Trees (Page-153) Binary Trees (Page-171) Multi-Way Trees (Page-193) B-Trees (Page-215) | ||
| 650 | 0 | _aAbstract data types (Computer science) | |
| 650 | 0 | _aJava (Computer program language) | |
| 651 | _aAbstract data types in Java /(E-BOOK) | ||
| 942 |
_2ddc _cBK |
||
| 999 |
_c192062 _d192062 |
||